[Event "GRE-ch South U14"]
[Site "Athens"]
[Date "2020.08.28"]
[Round "1"]
[White "Thanatis, Thomas"]
[Black "Proutsalis, Marios Alexandros"]
[Result "0-1"]
[WhiteElo "1164"]
[BlackElo "1509"]
[PlyCount "52"]
[EventDate "2020.08.28"]
[EventType "swiss"]
[EventRounds "9"]
[EventCountry "GRE"]
[SourceTitle "EXT 2023"]
[Source "ChessBase"]
[SourceDate "2022.10.05"]
[SourceVersion "1"]
[SourceVersionDate "2022.10.05"]
[SourceQuality "1"]

1. e4 c5 2. Nf3 a6 3. d4 cxd4 4. Nxd4 Nf6 5. Nc3 e5 6. Nb3 Bb4 7. Bd3 Bxc3+ 8. bxc3 d6 9. 0-0 Qc7 10. Bd2 Be6 11. Kh1 Nbd7 12. Qe2 Rc8 13. f4 exf4 14. Bxf4 Ne5 15. Bg5 Nfd7 16. Nd4 0-0 17. Nxe6 fxe6 18. Rxf8+ Rxf8 19. c4 Nb6 20. h3 Nbxc4 21. Bxc4 Qxc4 22. Qxc4 Nxc4 23. Rd1 Rf2 24. Rc1 Re2 25. e5 Rxe5 26. Rf1 Rxg5 0-1

[Event "GRE-chT 45th"]
[Site "Achaia"]
[Date "2017.07.06"]
[Round "5.13"]
[White "Thanatis, Thomas"]
[Black "Apostolidis, Angelos"]
[Result "1-0"]
[WhiteElo "1105"]
[BlackElo "1156"]
[PlyCount "43"]
[EventDate "2017.07.03"]
[EventType "team-swiss"]
[EventRounds "7"]
[EventCountry "GRE"]
[SourceTitle "CBM 179 Extra"]
[Source "ChessBase"]
[SourceDate "2017.08.23"]
[SourceVersion "1"]
[SourceVersionDate "2017.08.23"]
[SourceQuality "1"]
[WhiteTeam "New Filadelfeias"]
[BlackTeam "Florinas OP"]
[WhiteTeamCountry "GRE"]
[BlackTeamCountry "GRE"]

1. e4 e5 2. Nf3 Nc6 3. d4 exd4 4. Nxd4 Nxd4 5. Qxd4 Qf6 6. e5 Qc6 7. Nc3 Qc5 8. Be3 Qxd4 9. Bxd4 c6 10. f4 f6 11. Bc4 d6 12. 0-0-0 dxe5 13. fxe5 fxe5 14. Rhe1 h6 15. Rxe5+ Ne7 16. Rde1 Rh7 17. Bc5 g5 18. Ne4 Rg7 19. Nf6+ Kd8 20. Rd1+ Kc7 21. Ne8+ Kb8 22. Bd6# 1-0

[Event "GRE-chT 45th"]
[Site "Achaia"]
[Date "2017.07.03"]
[Round "1.12"]
[White "Tzavaras, Spyridon"]
[Black "Thanatis, Thomas"]
[Result "1-0"]
[WhiteElo "1281"]
[BlackElo "1105"]
[PlyCount "81"]
[EventDate "2017.07.03"]
[EventType "team-swiss"]
[EventRounds "7"]
[EventCountry "GRE"]
[SourceTitle "CBM 179 Extra"]
[Source "ChessBase"]
[SourceDate "2017.08.23"]
[SourceVersion "1"]
[SourceVersionDate "2017.08.23"]
[SourceQuality "1"]
[WhiteTeam "Pine AO"]
[BlackTeam "New Filadelfeias"]
[WhiteTeamCountry "GRE"]
[BlackTeamCountry "GRE"]

1. e4 e6 2. d4 d5 3. Nd2 c5 4. exd5 exd5 5. Bb5+ Bd7 6. Bxd7+ Nxd7 7. Ne2 Qb6 8. 0-0 cxd4 9. Nf3 Bc5 10. Nexd4 Ne7 11. b3 0-0 12. Bb2 Rac8 13. Qd3 Nf6 14. Rad1 Rfd8 15. a3 Ng6 16. b4 Bxd4 17. Nxd4 Ne5 18. Qg3 Nc4 19. Nf5 g6 20. Ne7+ Kf8 21. Nxc8 Rxc8 22. Bxf6 Qxf6 23. Rxd5 Nxa3 24. Ra5 Rc3 25. Qb8+ Kg7 26. Qxb7 Nxc2 27. Rxa7 h6 28. h3 Rb3 29. b5 Nd4 30. Ra6 Rxb5 31. Qxb5 Nxb5 32. Rxf6 Kxf6 33. Rd1 Kg7 34. Kf1 Nc7 35. Ke2 Ne6 36. Kf3 Ng5+ 37. Kg4 f5+ 38. Kf4 Ne6+ 39. Ke5 Kf7 40. Rd7+ Ke8 41. Kxe6 1-0